Military trade /

Uloženo v:
Podrobná bibliografie
Hlavní autor: Zeeland, Steven (Autor)
Médium: Kniha
Jazyk:angličtina
Vydáno: New York : Harrington, c1999
Edice:Haworth gay & lesbian studies
Tagy: Přidat tag
Žádné tagy, Buďte první, kdo vytvoří štítek k tomuto záznamu!

MARC

LEADER 00000nam a22000007i 4500
001 IT\ICCU\UBO\2807722
003 ItRI
005 20260115231821.0
008 050912s1999 xxu|||||| ||||| |||||c
020 |a 078900402X 
020 |a 1560239247 (pbk) 
040 |b ita  |c importazione bologna sebina 
041 7 |a eng  |2 ISO-639-2 
100 1 |a Zeeland, Steven  |0 IT\ICCU\UBOV\814930  |4 aut 
245 1 0 |a Military trade /  |c Steven Zeeland. 
260 |a New York :  |b Harrington,  |c c1999 
300 |a XX, 265 p. :  |b ill. ;  |c 22 cm. 
830 0 |a Haworth gay & lesbian studies  |0 IT\ICCU\UBO\0240430 
942 |2 ddc  |c BK  |n 0 
952 |0 0  |1 0  |4 0  |6 DOC_306_766000000000000_ZEE  |7 0  |9 13439  |a BO  |b BO  |d 2026-01-15  |i 18910  |l 0  |o DOC 306.766 ZEE  |p BO18910  |r 2026-01-15 23:18:21  |w 2026-01-15  |x [Sebina 5] [1 v.]  |y BK  |z 1 v. (2. copia) 
952 |0 0  |1 0  |4 0  |6 DOC_306_766000000000000_ZEE  |7 0  |9 13440  |a BO  |b BO  |d 2026-01-15  |i 8942  |l 0  |o DOC 306.766 ZEE  |p BO8942  |r 2026-01-15 23:18:21  |w 2026-01-15  |x [Sebina 5] [1 v.]  |y BK  |z 1 v. 
999 |c 11550  |d 11550